Länder, die Brasilien am Nächsten Liegen - Sudden Death - Statistiken

Allgemein
  • Dieses Quiz wurde 65 mal gespielt
  • Das Durchschnittsergebnis liegt bei 9 aus 15
Answers on the Grid
Answers color-coded by a green-red scale on the quiz's grid according to % correct below.
Surinam
Guyana
Venezuela
Kolumbien
Peru
Bolivien
Paraguay
Argentinien
Uruguay
Ecuador
Trinidad und Tobago
Chile
Granada
St. Vincent und die Grenadinen
Barbados
Panama
Dominica
Antigua und Barbuda
St. Kitts und Nevis
Kuba
Haiti
Dominikanische Republik
Jamaika
Bahamas
Costa Rica
Honduras
El Salvador
Mexiko
Guatemala
Belize
 
Antwortstatistiken
Antwort % Korrekt
Kolumbien
87%
Paraguay
81%
Argentinien
77%
Venezuela
77%
Uruguay
75%
Chile
73%
Bolivien
71%
Peru
71%
Guyana
65%
Ecuador
62%
Surinam
60%
Trinidad und Tobago
31%
Barbados
13%
Granada
10%
St. Vincent und die Grenadinen
10%
Keine übereinstimmenden Quizze gefunden
Verteilung der Resultate
Anzahl Personen mit jedem Resultat
Perzentil nach korrekt beantworteten Fragen
Ihre Resultats-Entwicklung
Sie haben dieses Quiz noch nicht gespielt